Countries of the World But They All End With "IA" - Statistics

General Stats
  • This quiz has been taken 3 times
  • The average score is 131 of 196
Answers on the Map
Answers color-coded by a green-red scale on the quiz's map according to % correct below.
 
Answer Stats
Country % Correct
Ameriquia
100%
Brazilia
100%
Canadia
100%
Mexiquia
100%
Afghanistania
67%
Albania
67%
Algeria
67%
Andorria
67%
Angolia
67%
Antigia and Barbudia
67%
Argentinia
67%
Armenia
67%
Australia
67%
Austria
67%
Azerbaijania
67%
Bahamia
67%
Bahrainia
67%
Bangladeshia
67%
Barbadia
67%
Belarussia
67%
Belgia
67%
Belizia
67%
Beninia
67%
Bhutania
67%
Bolivia
67%
Bosnia and Herzegovinia
67%
Botswania
67%
Bruneia
67%
Bulgaria
67%
Burkinia Fasia
67%
Burmia
67%
Burundia
67%
Cambodia
67%
Cameroonia
67%
Capia Verdia
67%
Chadia
67%
Chilia
67%
Chinia
67%
Colombia
67%
Comorossia
67%
Costia Riquia
67%
Croatia
67%
Cubia
67%
Cyprussia
67%
Czechia
67%
Democratic Republic of the Conguia
67%
Denmarkia
67%
Centralia Africania Republiquia
67%
São Tomé and Príncipia
67%
Djiboutia
67%
Dominicania
67%
Dominiquia
67%
East Timoria
67%
Ecuadoria
67%
Egyptia
67%
El Salvadoria
67%
Equatorial Guinia
67%
Eritria
67%
Estonia
67%
Eswatinia
67%
Ethiopia
67%
Federated States of Micronesia
67%
Fijia
67%
Finlandia
67%
Francia
67%
Gabonia
67%
Gambia
67%
Georgia
67%
Germania
67%
Ghania
67%
Great Britania
67%
Greecia
67%
Grenadia
67%
Guatemalia
67%
Guinea-Bissia
67%
Guinia
67%
Guyania
67%
Haitia
67%
Honduria
67%
Hungaria
67%
Icelandia
67%
India
67%
Indonesia
67%
Irania
67%
Iraquia
67%
Irelandia
67%
Israelia
67%
Italia
67%
Jamaiquia
67%
Japania
67%
Jordania
67%
Kazakhstania
67%
Kenia
67%
Kiribatia
67%
Kosovia
67%
Kuwaitia
67%
Kyrgyzstania
67%
Laosia
67%
Latvia
67%
Lebanonia
67%
Lesothia
67%
Liberia
67%
Libia
67%
Liechtensteinia
67%
Lithuania
67%
Madagascaria
67%
Malawia
67%
Malaysia
67%
Maldivia
67%
Malia
67%
Maltia
67%
Marshallia
67%
Mauritania
67%
Mauritia
67%
Moldovia
67%
Monaquia
67%
Mongolia
67%
Montenegria
67%
Moroccia
67%
Mozambiquia
67%
Namibia
67%
Nauria
67%
Nepalia
67%
Netherlandia
67%
New Zealandia
67%
Nicaraguia
67%
Nigeria
67%
North Koria
67%
North Macedonia
67%
Norwia
67%
Omania
67%
Pakistania
67%
Palia
67%
Panamania
67%
Papua New Guinia
67%
Paraguia
67%
Peruvia
67%
Philippinia
67%
Polonia
67%
Portugalia
67%
Qataria
67%
Republic of the Conguia
67%
Romania
67%
Russia
67%
Rwandia
67%
Saint Kitts and Nevia
67%
Saint Lucia
67%
Samia
67%
San Marinia
67%
Saudi Arabia
67%
Senegalia
67%
Serbia
67%
Seychellia
67%
Singaporia
67%
Slovakia
67%
Slovenia
67%
Solomonia
67%
Somalia
67%
South Afriquia
67%
South Koria
67%
South Sudania
67%
Spainia
67%
Sri Lankia
67%
Sudania
67%
Surinamia
67%
Swedenia
67%
Switzerlandia
67%
Syria
67%
Taiwania
67%
Tajikistania
67%
Tanzania
67%
Thailandia
67%
Togia
67%
Tongia
67%
Trinidadia and Tobagia
67%
Tunisia
67%
Turkia
67%
Turkmenistania
67%
Tuvalia
67%
Ugandia
67%
Ukrainia
67%
United Arab Emiria
67%
Uruguia
67%
Uzbekistania
67%
Vanuatia
67%
Vaticania
67%
Venezuelia
67%
Vietnamia
67%
Yemenia
67%
Zambia
67%
Zimbabwia
67%
Ivoria Coastia
33%
Luxembourguia
33%
Saint Vincent and Grenadinia
33%
Sierra Leonia
33%
No matching quizzes found
Score Distribution
Percent of People with Each Score
Percentile by Number Answered
Your Score History
You have not taken this quiz